Code d'honneur du soldat - Statistiques

Statistiques générales
  • Ce quiz a été pris 9 fois
  • Le résultat moyen est 9 sur 10
Statistiques - réponses
Hint Réponse % Correct
8 Au combat, je n'abandonne ni mon arme ni mes camarades morts ou blessés. Maître de ma force, j'agis avec humanité et respecte mon ennemi.
100%
2 En toutes circonstances, je me conduis avec honneur, courage et dignité.
100%
5 Loyal à mes chefs et dévoué à mes subordonnés, j'obéis avec confiance et je commande avec exigence et bienveillance.
100%
6 Membre d'une communauté soudée par l'esprit de corps, je respecte tous mes frères d'armes.
100%
4 Respectueux des lois et des règlements, je m'exprime avec la réserve qu'exige mon état militaire.
100%
1 Soldat français, je m'engage à servir mon pays.
100%
3 Toujours disponible et discipliné, je suis exemplaire dans mon comportement comme dans ma tenue.
100%
7 Prêt à l'engagement, je m'entraîne sans relâche et recherche l'excellence.
75%
9 La mission est sacrée, je l'accomplis jusqu'au bout avec détermination et esprit d'initiative
50%
10 Le succès des armes de la France guide mon action.
50%
Aucun quiz correspondant
Distribution des résultats
% des personnes avec chaque résultat
Percentile par nombre de réponses
Votre historique - résultats
Vous n’avez pas pris ce quiz